000 00615nam a22001937a 4500
005 20251108164917.0
008 250721s1975 xx 000 0 ara d
082 1 4 _a962.05/أحم
100 1 _aشلبي، أحمد
245 1 0 _aمصر في حربين 1967 و 1973 :
_bدراسة مقارنة لبيان أسباب الهزيمة و دعائم النصر /
250 _aط2.
264 1 _aالقاهرة :
_bمكتبة النهضة المصرية،
_c1975.
300 _a295ص
650 1 7 _aمصر
650 1 7 _aالتاريخ السياسي
650 1 7 _aالحرب
942 _2ddc
_cBK
999 _c17264
_d17264